IFM Opac

525 Ways To Be A Better Manager (Record no. 20183)

MARC details
000 -LEADER
fixed length control field 00468nam a22001817a 4500
003 - CONTROL NUMBER IDENTIFIER
control field OSt
005 - DATE AND TIME OF LATEST TRANSACTION
control field 20220902115211.0
008 - FIXED-LENGTH DATA ELEMENTS--GENERAL INFORMATION
fixed length control field 220824b |||||||| |||| 00| 0 eng d
020 ## - INTERNATIONAL STANDARD BOOK NUMBER
International Standard Book Number 9780751500592
040 ## - CATALOGING SOURCE
Transcribing agency IFM Library
082 ## - DEWEY DECIMAL CLASSIFICATION NUMBER
Classification number 658
100 ## - MAIN ENTRY--PERSONAL NAME
Personal name Coleman, Ron
245 ## - TITLE STATEMENT
Title 525 Ways To Be A Better Manager
260 ## - PUBLICATION, DISTRIBUTION, ETC.
Place of publication, distribution, etc. Britain:
Name of publisher, distributor, etc. Gower Publishing Company Ltd,
Date of publication, distribution, etc. 1990
300 ## - PHYSICAL DESCRIPTION
Extent xi, 162p. :ill.; 21cm.
700 ## - ADDED ENTRY--PERSONAL NAME
Personal name Barrie, Giles
942 ## - ADDED ENTRY ELEMENTS (KOHA)
Koha item type Books
Source of classification or shelving scheme Dewey Decimal Classification
Suppress in OPAC No
Holdings
Withdrawn status Lost status Source of classification or shelving scheme Damaged status Not for loan Collection code Home library Current library Shelving location Date acquired Source of acquisition Total Checkouts Full call number Barcode Date last seen Date last checked out Price effective from Koha item type
    Dewey Decimal Classification     Non-fiction IFM Main Campus Library IFM Main Campus Library Stack Collection 08/24/2022 Purchase 1 658 0000021982 12/24/2020 12/19/2020 02/19/2022 Books
    Dewey Decimal Classification     Non-fiction IFM Main Campus Library IFM Main Campus Library Stack Collection 08/24/2022 Purchase   658 COL 0000003462 09/02/2022   02/19/2022 Books
    Dewey Decimal Classification     Non-fiction IFM Main Campus Library IFM Main Campus Library Stack Collection 08/24/2022 Purchase   658 COL 0000003464 10/04/2022   02/19/2022 Books